Bilecik Bilecik Bilecik Bilecik Bilecik

Wheelock's Latin/ (Record no. 69842)

MARC details
000 -BAŞLIK
Sabit Uzunluktaki Kontrol Alanı 01446nam a22004097a 4500
001 - KONTROL NUMARASI
Control Dosyası 0069094
003 - KONTROL NUMARASI KİMLİĞİ
Kontrol Alanı KOHA_MİRAKIL
005 - EN SON İŞLEM TARİHİ ve ZAMANI
Kontrol Alanı 20260207004830.0
007 - FİZİKSEL TANIM SABİT ALAN - GENEL BİLGİ
Sabit uzunluklu kontrol alanı ta
008 - SABİT UZUNLUKTAKİ VERİ ÖGELERİ - GENEL BİLGİ
Sabit Alan 230725b2011 tu a|||gr||||#0|||1|tur |
020 ## - ISBN - ULUSLARARASI STANDART KİTAP NUMARASI
Isbn 9780061997228
Nitelik bilgileri
020 ## - ISBN - ULUSLARARASI STANDART KİTAP NUMARASI
Isbn 9780061997211
020 ## - ISBN - ULUSLARARASI STANDART KİTAP NUMARASI
Isbn
040 ## - KATALOGLAMA KAYNAĞI
Özgün Kataloglama Kurumu TR-BiSEU
Kataloglama Dili tur
Çeviri Kurumu TR-BiSEU
Açıklama Kuralları rda
041 0# - DİL KODU
Metin ya da ses kaydının dil kodu tur
044 ## - YAYINLAYAN/ÜRETEN KURULUŞUN ÜLKE KODU
ISO country code tu
050 ## - SINIFLAMA ve YER NUMARASI
Sınıflama Numarası PA2087.5
Yer Numarası .W44 2011
100 1# - KİŞİ ADI
Yazar Adı (Kişi adı) Wheelock, Frederic M..
245 1# - ESER ADI BİLDİRİMİ
Başlık Wheelock's Latin/
Sorumluluk Bildirimi Frederic M. Wheelock ; Frederic M. Wheelock ; Revised by Richard A. LaFleur.
250 ## - BASIM BİLDİRİMİ
Basım Bildirimi 7th edicons
264 #1 - ÜRERİM, YAYIN, DAĞITIM ve TELİF BİLDİRİMİ
Yayın yeri New York :
Yayınlayan Collins Reference
Yayın tarihi 2011
300 ## - FİZİKSEL TANIMLAMA
Sayfa, Cilt vb. XLI, 562 pages :
Diğer fiziki detaylar illustrations, maps ;25 cm.
336 ## - İÇERİK TÜRÜ
Content type term metin
Content type code txt
Source rdacontent
337 ## - MEDYA TÜRÜ
Media type term aracısız
Media type code n
Source rdamedia
338 ## - TAŞIYICI TÜRÜ
Carrier type term cilt
Carrier type code nc
Source rdacarrier
490 0# - DİZİ BİLDİRİMİ
Dizi Bildirimi The Wheelock's Latin series
500 ## - GENEL NOT
Genel Not Includes index.
650 #0 - KONU BAŞLIĞI EK GİRİŞ - KONU TERİMİ
Konusal terim veya coğrafi ad Latin language--Grammar--Problems, exercises, etc.
9 (RLIN) 133573
650 #0 - KONU BAŞLIĞI EK GİRİŞ - KONU TERİMİ
Konusal terim veya coğrafi ad Rome--Civilization--Problems, exercises, etc.
9 (RLIN) 133574
650 #0 - KONU BAŞLIĞI EK GİRİŞ - KONU TERİMİ
Konusal terim veya coğrafi ad Latin language--Grammar--Problems, exercises, etc.
9 (RLIN) 133573
650 #0 - KONU BAŞLIĞI EK GİRİŞ - KONU TERİMİ
Konusal terim veya coğrafi ad Roma--Civilization--Problems, exercises, etc.
9 (RLIN) 133575
650 #0 - KONU BAŞLIĞI EK GİRİŞ - KONU TERİMİ
Konusal terim veya coğrafi ad Latin dili--Dilbilgisi--Problemler, alıştırmalar, vb.
9 (RLIN) 133576
650 #0 - KONU BAŞLIĞI EK GİRİŞ - KONU TERİMİ
Konusal terim veya coğrafi ad Roma--Medeniyet--Sorunlar, alıştırmalar, vb.
9 (RLIN) 133577
830 0# - SERİ EK GİRİŞİ - TEKBİÇİM ESER ADI
Tekbiçim Başlık The Wheelock's Latin series
9 (RLIN) 133578
907 ## - LOCAL DATA ELEMENT G, LDG (RLIN)
a Dil ve Edebiyat
942 ## - EK GİRİŞ ÖGELERİ (KOHA)
Source of classification or shelving scheme Library of Congress Classification
Koha item type Book
Holdings
Materyal Türü Kalıcı Konum Mevcut Konum Raf Yeri Sınıflandırma Kaynağı Edinim Bilgisi Ana Konular Alt Konular Yer Numarası Demirbaş Numarası Fatura Tarihi Geri Çekilme Durumu Kayıp Durumu Hasarlı Durumu Kredi için değil Kayıt Tarih Toplam Ödünçverme Son Görülme Tarihi Son Kontrol Tarihi Genel / Bağış Notu
Book Prof. Dr. Azmi Özcan Kütüphanesi Prof. Dr. Azmi Özcan Kütüphanesi Birûni Salonu Library of Congress Classification Bağış DİL VE EDEBİYAT Yunan Dili ve Edebiyatı, Latin Dili ve Edebiyatı PA2087.5 .W44 2011 0069094 02/02/2026         25/07/2023   17/03/2025 17/03/2025 Genel Bağış